000 00365nam a2200121Ia 4500
008 240731s9999 xx 000 0 und d
022 _a2326-0068
245 0 _aInternational Journal of Intelligent Computing in Medical Sciences & Image Processing
260 _bTaylor & Francis
856 _uhttps://www.tandfonline.com/loi/tmed20
942 _2ddc
942 _cTFEJ
999 _c77151
_d77151
945 _a1
_bMadushi Gamage
_c1
_dMadushi Gamage